[Event "North Bay int."]
[Site "North Bay CAN"]
[Date "1999.08.06"]
[Round "5"]
[White "Charest, Johanne"]
[Black "Glinert, Stephen"]
[Result "0-1"]
[WhiteElo "2123"]
[BlackElo "2191"]
[PlyCount "102"]
[GameId "2160767911742611"]
[EventDate "1999.08.04"]
[EventType "swiss"]
[EventRounds "9"]
[EventCountry "CAN"]
[SourceTitle "EXT 2000"]
[Source "ChessBase"]
[SourceDate "1999.11.18"]
[SourceVersion "1"]
[SourceVersionDate "1999.11.18"]
[SourceQuality "1"]

1. e4 d6 2. Nc3 Nf6 3. f4 g6 4. Nf3 Bg7 5. Bc4 c6 6. d3 O-O 7. O-O b5 8. Bb3 Nbd7 9. Qe1 Nc5 10. Kh1 Nxb3 11. axb3 a6 12. Qh4 Rb8 13. Ng5 h6 14. Nf3 e6 15. f5 Nh7 16. fxg6 fxg6 17. Qxd8 Rxd8 18. b4 Bb7 19. Bf4 e5 20. Be3 Rbc8 21. Nh4 Nf8 22. Rf2 Rd7 23. Kg1 Rf7 24. Rxf7 Kxf7 25. Rf1+ Ke6 26. Ne2 c5 27. bxc5 dxc5 28. b3 h5 29. Nf3 Nh7 30. Ng5+ Nxg5 31. Bxg5 Rf8 32. Ra1 Ra8 33. Bd2 Bf8 34. Kf1 Be7 35. Ng1 Rd8 36. Bc3 Rc8 37. Ke2 c4 38. bxc4 bxc4 39. Kd2 a5 40. Nf3 cxd3 41. cxd3 Bc6 42. Ng5+ Kd7 43. Nf3 Kd6 44. Kd1 Bb5 45. Kd2 a4 46. d4 Bg5+ 47. Kd1 exd4 48. e5+ Kd5 49. Nxd4 Be3 50. Rb1 Bd3 51. Rb7 Ke4 0-1

[Event "North Bay int."]
[Site "North Bay CAN"]
[Date "1999.08.06"]
[Round "5"]
[White "Chiong, Luiz"]
[Black "Weeramantry, Sunil"]
[Result "1/2-1/2"]
[WhiteElo "2387"]
[BlackElo "2252"]
[PlyCount "114"]
[GameId "2160767911742612"]
[EventDate "1999.08.04"]
[EventType "swiss"]
[EventRounds "9"]
[EventCountry "CAN"]

1. d4 Nf6 2. c4 g6 3. Nc3 Bg7 4. e4 d6 5. Nge2 O-O 6. f3 Nc6 7. d5 Ne5 8. Ng3 c6 9. Be3 cxd5 10. cxd5 a6 11. a4 h5 12. Be2 Kh7 13. a5 Ned7 14. Nf1 b5 15. axb6 Nxb6 16. Nd2 Nfd7 17. Nb3 Ne5 18. Na5 Qc7 19. O-O Nbc4 20. Nxc4 Nxc4 21. Bxc4 Qxc4 22. Ra4 Qc7 23. Bd4 Bd7 24. Ra3 Rfb8 25. Bxg7 Kxg7 26. Qd4+ f6 27. Rf2 Qa7 28. Qxa7 Rxa7 29. Rd2 Rb6 30. Ne2 Rab7 31. Ra2 e5 32. dxe6 Bxe6 33. Ra4 Rxb2 34. Rxb2 Rxb2 35. Nf4 Bc8 36. Rc4 Bb7 37. h4 g5 38. hxg5 fxg5 39. Nxh5+ Kg6 40. Ng3 Kf6 41. Ra4 Rb5 42. Nf1 a5 43. Ne3 Bc6 44. Rc4 Rc5 45. Rxc5 dxc5 46. Nc4 a4 47. Kf2 Bb5 48. Na3 Ba6 49. Ke3 Ke5 50. g3 Kd6 51. f4 gxf4+ 52. gxf4 Ke6 53. Kf3 Kd6 54. Ke3 Ke6 55. Kd2 Bb7 56. Kd3 Ba6+ 57. Ke3 Kd6 1/2-1/2

[Event "North Bay int."]
[Site "North Bay CAN"]
[Date "1999.08.06"]
[Round "5"]
[White "Day, Lawrence"]
[Black "Nickoloff, Bryon"]
[Result "1/2-1/2"]
[WhiteElo "2319"]
[BlackElo "2421"]
[PlyCount "98"]
[GameId "2160767911742614"]
[EventDate "1999.08.04"]
[EventType "swiss"]
[EventRounds "9"]
[EventCountry "CAN"]
[SourceTitle "EXT 2000"]
[Source "ChessBase"]
[SourceDate "1999.11.18"]
[SourceVersion "1"]
[SourceVersionDate "1999.11.18"]
[SourceQuality "1"]

1. e4 c5 2. Nf3 d6 3. c3 Nf6 4. h3 g6 5. Bd3 Bg7 6. Bc2 O-O 7. O-O Nc6 8. Re1 e5 9. d3 Ne8 10. a3 Nc7 11. b4 cxb4 12. axb4 b5 13. Bg5 Qd7 14. Qd2 Re8 15. Bh6 Bh8 16. Bb3 a5 17. Na3 axb4 18. cxb4 d5 19. Rec1 Bb7 20. Nc2 Rxa1 21. Rxa1 dxe4 22. Ng5 Nd8 23. Nxe4 Nde6 24. Ra7 Bc6 25. Bxe6 fxe6 26. Nc5 Qd6 27. Ne4 Qd7 28. Bg5 Ra8 29. Rxa8+ Bxa8 30. f3 Nd5 31. Kh2 Kf7 32. Qf2 Bg7 33. Qh4 Kg8 34. Bh6 Qe7 35. Qxe7 Nxe7 36. Bd2 Bc6 37. Na3 Nd5 38. Kg3 Bf8 39. Nc2 Nc7 40. Bc3 Nd5 41. Bd2 Be7 42. Kf2 Nf4 43. d4 Bd5 44. Nc5 Bg5 45. Bc3 Bh4+ 46. g3 Bxg3+ 47. Kxg3 Ne2+ 48. Kf2 Nxc3 49. dxe5 Kf7 1/2-1/2

[Event "North Bay int."]
[Site "North Bay CAN"]
[Date "1999.08.06"]
[Round "5"]
[White "Djerkovic, Miladin"]
[Black "Mikanovic, Goran"]
[Result "1/2-1/2"]
[WhiteElo "2201"]
[BlackElo "2310"]
[PlyCount "29"]
[GameId "2160767911742615"]
[EventDate "1999.08.04"]
[EventType "swiss"]
[EventRounds "9"]
[EventCountry "CAN"]
[SourceTitle "EXT 2000"]
[Source "ChessBase"]
[SourceDate "1999.11.18"]
[SourceVersion "1"]
[SourceVersionDate "1999.11.18"]
[SourceQuality "1"]

1. e4 c5 2. Nf3 e6 3. d4 cxd4 4. Nxd4 a6 5. Bd3 Nf6 6. O-O d6 7. c4 g6 8. Nc3 Bg7 9. b3 O-O 10. Bb2 b6 11. Re1 Bb7 12. Bf1 Qc7 13. Qd2 Nbd7 14. g3 Rac8 15. Bg2 1/2-1/2

[Event "North Bay int."]
[Site "North Bay CAN"]
[Date "1999.08.06"]
[Round "5"]
[White "Dougherty, Michael"]
[Black "Voloaca, Mihnea"]
[Result "1-0"]
[WhiteElo "2257"]
[BlackElo "2039"]
[PlyCount "81"]
[GameId "2160767911742616"]
[EventDate "1999.08.04"]
[EventType "swiss"]
[EventRounds "9"]
[EventCountry "CAN"]
[SourceTitle "EXT 2000"]
[Source "ChessBase"]
[SourceDate "1999.11.18"]
[SourceVersion "1"]
[SourceVersionDate "1999.11.18"]
[SourceQuality "1"]

1. e4 c5 2. Nc3 e6 3. Nf3 a6 4. g3 b5 5. d4 cxd4 6. Nxd4 Bb7 7. Bg2 Nf6 8. O-O b4 9. Nd5 exd5 10. exd5 Bc5 11. Re1+ Kf8 12. Nf5 h6 13. Be3 Bxe3 14. Rxe3 d6 15. Qd4 a5 16. Rae1 Ra6 17. Bf1 Rb6 18. Re7 Bxd5 19. Bc4 Nc6 20. Bxd5 Qxe7 21. Rxe7 Nxd4 22. Rxf7+ Ke8 23. Nxg7+ Kd8 24. Rxf6 Rb5 25. Bc4 Rb6 26. Rf7 Nc6 27. Ne6+ Kc8 28. f4 Nd8 29. Rc7+ Kb8 30. Re7 Rb7 31. Nxd8 Rxd8 32. Re6 d5 33. Bd3 a4 34. b3 a3 35. Rxh6 Rc7 36. f5 Kb7 37. Re6 Rf8 38. Kf2 Rh7 39. h4 Rc7 40. g4 Kc8 41. Kg3 1-0

[Event "North Bay int."]
[Site "North Bay CAN"]
[Date "1999.08.06"]
[Round "5"]
[White "Dutton, Warren"]
[Black "Campbell, Brett"]
[Result "1/2-1/2"]
[WhiteElo "2025"]
[BlackElo "2197"]
[PlyCount "90"]
[GameId "2160767911742617"]
[EventDate "1999.08.04"]
[EventType "swiss"]
[EventRounds "9"]
[EventCountry "CAN"]
[SourceTitle "EXT 2000"]
[Source "ChessBase"]
[SourceDate "1999.11.18"]
[SourceVersion "1"]
[SourceVersionDate "1999.11.18"]
[SourceQuality "1"]

1. d4 g6 2. c4 Bg7 3. Nc3 d6 4. e4 f5 5. exf5 Bxf5 6. g4 Bd7 7. Bg2 Nc6 8. Be3 e5 9. d5 Nd4 10. h3 c5 11. Nge2 a6 12. Ng3 Nh6 13. Qd2 Nf7 14. O-O b5 15. b3 O-O 16. Rac1 bxc4 17. bxc4 Rb8 18. Rb1 Qa5 19. Rxb8 Rxb8 20. Rb1 Rxb1+ 21. Nxb1 Qa4 22. Qb2 Qxc4 23. Qb8+ Bf8 24. Ne4 Qb5 25. Nf6+ Kg7 26. Nxd7 Qxd7 27. Nc3 Nb5 28. Ne4 Be7 29. a4 Nd4 30. a5 Bd8 31. Bf1 Qc7 32. Qxc7 Bxc7 33. Bxa6 Bxa5 34. Bc8 Bd8 35. Kg2 Nb5 36. Bd7 Nc7 37. Bc6 h6 38. f4 Bf6 39. f5 gxf5 40. gxf5 Bg5 41. Bxg5 hxg5 42. Kf3 Kh7 43. Kg4 Kh6 44. Nd2 Nd8 45. Ne4 Nxc6 1/2-1/2

[Event "North Bay int."]
[Site "North Bay CAN"]
[Date "1999.08.06"]
[Round "5"]
[White "Fernandez, Daniel"]
[Black "Beckwith, Paul"]
[Result "1-0"]
[WhiteElo "2057"]
[BlackElo "2199"]
[PlyCount "149"]
[GameId "2160767911742618"]
[EventDate "1999.08.04"]
[EventType "swiss"]
[EventRounds "9"]
[EventCountry "CAN"]
[SourceTitle "EXT 2000"]
[Source "ChessBase"]
[SourceDate "1999.11.18"]
[SourceVersion "1"]
[SourceVersionDate "1999.11.18"]
[SourceQuality "1"]

1. e4 c5 2. Nf3 e6 3. d3 Qc7 4. g3 Nc6 5. Bg2 a6 6. O-O Nf6 7. Nbd2 Be7 8. Re1 d6 9. c3 O-O 10. a3 Rd8 11. Nf1 Rb8 12. Ne3 b5 13. g4 d5 14. e5 Nd7 15. d4 f6 16. exf6 Nxf6 17. Ne5 Nxe5 18. dxe5 Qxe5 19. Nf5 Qc7 20. Nxe7+ Qxe7 21. Bf4 Rb7 22. Qe2 Qf8 23. Bg3 Rf7 24. g5 Ne4 25. Bxe4 dxe4 26. Qxe4 Rf5 27. g6 hxg6 28. Rad1 g5 29. Be5 Re8 30. Rd2 Qf7 31. Qe3 Bb7 32. Qg3 Ba8 33. h3 Rf3 34. Qg4 Qb7 35. Kh2 Qf7 36. Ree2 Bd5 37. Qxg5 Rf5 38. Qg3 Bf3 39. Re3 Ba8 40. Red3 Qb7 41. f3 Rf7 42. Qg6 Ref8 43. Qxe6 Qc6 44. Qxc6 Bxc6 45. f4 Rc8 46. Rd6 a5 47. b3 a4 48. bxa4 bxa4 49. Rb2 Kh7 50. Rb6 Be4 51. Ra6 Rb8 52. Rxa4 Rb2+ 53. Kg1 Bf5 54. c4 Rb1+ 55. Kg2 Rfb7 56. Ra5 Be4+ 57. Kf2 Rc1 58. Rxc5 Rb3 59. Rc7 Rc2+ 60. Ke1 Re3+ 61. Kd1 Rg3 62. Rd2 Rg1+ 63. Ke2 Rg2+ 64. Ke3 Rcxd2 65. Kxe4 Ra2 66. Bd6 Rge2+ 67. Kf5 Rh2 68. Bf8 Rag2 69. c5 Rxh3 70. c6 Rc3 71. Ke6 Rg6+ 72. Kd5 Rf3 73. Rf7 Kg8 74. c7 Rc3 75. Bc5 1-0

[Event "North Bay int."]
[Site "North Bay CAN"]
[Date "1999.08.06"]
[Round "5"]
[White "Goldenberg, Danny"]
[Black "Ottosen, David"]
[Result "1-0"]
[WhiteElo "2234"]
[BlackElo "2139"]
[PlyCount "107"]
[GameId "2160767911742619"]
[EventDate "1999.08.04"]
[EventType "swiss"]
[EventRounds "9"]
[EventCountry "CAN"]

1. e4 c5 2. Nf3 Nc6 3. d4 cxd4 4. Nxd4 Nf6 5. Nc3 d6 6. Bg5 e6 7. Qd2 Be7 8. O-O-O O-O 9. f4 Nxd4 10. Qxd4 Qa5 11. e5 dxe5 12. Qxe5 Qxe5 13. fxe5 Nd5 14. Bxe7 Nxe7 15. Bd3 b6 16. Be4 Rb8 17. Nb5 Bb7 18. Bxb7 Rxb7 19. Rd6 Ng6 20. Re1 h6 21. Rd4 a6 22. Nd6 Rd7 23. Rb4 b5 24. a4 Nxe5 25. Rxe5 Rxd6 26. axb5 f6 27. Re2 Rb8 28. Rbe4 Kf7 29. bxa6 Rxa6 30. b3 e5 31. Kb2 Ke6 32. b4 Rb5 33. g4 g6 34. Kb3 Rab6 35. c3 h5 36. gxh5 f5 37. Rh4 g5 38. Rh3 g4 39. Rh4 Kf6 40. h6 Rb8 41. h7 Rh8 42. Rh6+ Kg5 43. Re6 Rxh7 44. c4 Rb8 45. R6xe5 Rh3+ 46. Ka4 Rc3 47. c5 Rc4 48. Rb2 Kf6 49. Rd5 Kg5 50. Ka5 Kf4 51. Rdd2 Ke3 52. Re2+ Kf4 53. Rec2 Rbxb4 54. Rxb4 1-0

[Event "North Bay int."]
[Site "North Bay CAN"]
[Date "1999.08.06"]
[Round "5"]
[White "Hum, Peter"]
[Black "Del Pilar, Reynaldo"]
[Result "0-1"]
[WhiteElo "2255"]
[BlackElo "2270"]
[PlyCount "49"]
[GameId "2160767911742620"]
[EventDate "1999.08.04"]
[EventType "swiss"]
[EventRounds "9"]
[EventCountry "CAN"]

1. d4 Nf6 2. c4 e6 3. Nc3 c5 4. d5 exd5 5. cxd5 d6 6. e4 g6 7. h3 Bg7 8. Bd3 O-O 9. Bg5 h6 10. Be3 Nbd7 11. Nf3 Re8 12. O-O a6 13. a4 Qc7 14. Re1 Rb8 15. Bf4 b5 16. axb5 c4 17. Bc2 axb5 18. Nd4 Ne5 19. Ndxb5 Qd8 20. Ra2 Nh5 21. Be3 Qf6 22. Nd4 Nf4 23. Nc6 Bxh3 24. Na7 Qg5 25. Qf3 0-1

[Event "North Bay int."]
[Site "North Bay CAN"]
[Date "1999.08.06"]
[Round "5"]
[White "Hummel, Patrick"]
[Black "Filipovich, David"]
[Result "1-0"]
[WhiteElo "2330"]
[BlackElo "2236"]
[PlyCount "43"]
[GameId "2160767911742621"]
[EventDate "1999.08.04"]
[EventType "swiss"]
[EventRounds "9"]
[EventCountry "CAN"]
[SourceTitle "EXT 2000"]
[Source "ChessBase"]
[SourceDate "1999.11.18"]
[SourceVersion "1"]
[SourceVersionDate "1999.11.18"]
[SourceQuality "1"]

1. d4 d5 2. c4 c6 3. Nf3 Nf6 4. Nc3 dxc4 5. a4 Bg4 6. Ne5 Bh5 7. f3 Nfd7 8. Nxc4 e5 9. e4 Qh4+ 10. g3 Qf6 11. dxe5 Qxf3 12. Nd6+ Kd8 13. Qxf3 Bxf3 14. Nxf7+ Ke8 15. e6 Nc5 16. Rg1 Nxe6 17. Nxh8 Bc5 18. Bc4 Bxg1 19. Bxe6 Ke7 20. Bc8 a5 21. Bg5+ Kf8 22. Kd2 1-0

[Event "North Bay int."]
[Site "North Bay CAN"]
[Date "1999.08.06"]
[Round "5"]
[White "McKay, Geoff"]
[Black "Ademi, Sami"]
[Result "1/2-1/2"]
[WhiteElo "2159"]
[BlackElo "2250"]
[PlyCount "50"]
[GameId "2160767911742623"]
[EventDate "1999.08.04"]
[EventType "swiss"]
[EventRounds "9"]
[EventCountry "CAN"]

1. e4 c5 2. Nf3 Nc6 3. d4 cxd4 4. Nxd4 g6 5. c4 Nf6 6. Nc3 d6 7. Be2 Nxd4 8. Qxd4 Bg7 9. Be3 O-O 10. Qd2 Ng4 11. Bxg4 Bxg4 12. Bh6 Be6 13. Bxg7 Kxg7 14. O-O Qa5 15. b3 f6 16. Rad1 Rac8 17. Nd5 Qxd2 18. Rxd2 Kf7 19. f4 f5 20. Re1 fxe4 21. Rxe4 Bxd5 22. Rxd5 Rc5 23. Rxc5 dxc5 24. Re5 b6 25. Rd5 Ke6 1/2-1/2

[Event "North Bay int."]
[Site "North Bay CAN"]
[Date "1999.08.06"]
[Round "5"]
[White "Morrell, Gordon"]
[Black "Olson, David L"]
[Result "1/2-1/2"]
[WhiteElo "2128"]
[BlackElo "2127"]
[PlyCount "37"]
[GameId "2160767911742624"]
[EventDate "1999.08.04"]
[EventType "swiss"]
[EventRounds "9"]
[EventCountry "CAN"]
[SourceTitle "EXT 2000"]
[Source "ChessBase"]
[SourceDate "1999.11.18"]
[SourceVersion "1"]
[SourceVersionDate "1999.11.18"]
[SourceQuality "1"]

1. d4 d5 2. Nf3 Nf6 3. Bg5 Ne4 4. Bf4 Bf5 5. e3 e6 6. Nbd2 c5 7. Bxb8 Qxb8 8. Bb5+ Kd8 9. Nxe4 Bxe4 10. O-O c4 11. c3 Bd6 12. Ng5 Bg6 13. Qg4 a6 14. Ba4 b5 15. Bd1 Bxh2+ 16. Kh1 Bd6 17. Bf3 Bf5 18. Qh5 Bg6 19. Qg4 1/2-1/2

[Event "North Bay int."]
[Site "North Bay CAN"]
[Date "1999.08.06"]
[Round "5"]
[White "Nakamura, Asuka"]
[Black "Olszewski, Piotr"]
[Result "0-1"]
[WhiteElo "2157"]
[BlackElo "2273"]
[PlyCount "78"]
[GameId "2160767911742625"]
[EventDate "1999.08.04"]
[EventType "swiss"]
[EventRounds "9"]
[EventCountry "CAN"]
[SourceTitle "EXT 2000"]
[Source "ChessBase"]
[SourceDate "1999.11.18"]
[SourceVersion "1"]
[SourceVersionDate "1999.11.18"]
[SourceQuality "1"]

1. e4 c5 2. c3 d5 3. exd5 Qxd5 4. d4 Nf6 5. Nf3 e6 6. Nbd2 Nc6 7. Bc4 Qd8 8. Nb3 cxd4 9. Nbxd4 Nxd4 10. Nxd4 a6 11. a4 Qc7 12. Qe2 Be7 13. f4 O-O 14. O-O b6 15. Bd2 Bb7 16. Rae1 Bd6 17. Bb3 Rfe8 18. Qc4 Qd7 19. Bc1 Bd5 20. Qd3 Bxb3 21. Nxb3 Qxa4 22. Qxd6 Qxb3 23. Be3 Qxb2 24. Bxb6 Qxc3 25. Bd4 Qd3 26. Rf3 Qd2 27. Qe5 Red8 28. Bc3 Qd5 29. Qe2 Qc5+ 30. Kh1 Nd5 31. Qe5 Qf8 32. Ba1 Kh8 33. Rh3 f6 34. Qe4 Qg8 35. g4 Rab8 36. Rf1 Rb4 37. Qe1 Rxf4 38. Rxf4 Nxf4 39. Rh6 Qf7 0-1

[Event "North Bay int."]
[Site "North Bay CAN"]
[Date "1999.08.06"]
[Round "5"]
[White "Ochkoos, Jura"]
[Black "Yee, Lorne"]
[Result "0-1"]
[WhiteElo "2305"]
[BlackElo "2084"]
[PlyCount "148"]
[GameId "2160767911742627"]
[EventDate "1999.08.04"]
[EventType "swiss"]
[EventRounds "9"]
[EventCountry "CAN"]
[SourceTitle "EXT 2000"]
[Source "ChessBase"]
[SourceDate "1999.11.18"]
[SourceVersion "1"]
[SourceVersionDate "1999.11.18"]
[SourceQuality "1"]

1. e4 c5 2. Nc3 Nc6 3. f4 g6 4. Nf3 Bg7 5. Be2 e6 6. O-O Nge7 7. Qe1 d6 8. d3 Nd4 9. Nxd4 cxd4 10. Nb1 Qc7 11. Bd1 Bd7 12. Nd2 O-O 13. Nf3 Nc6 14. Qh4 f5 15. Bd2 Qb6 16. Rb1 Rae8 17. Kh1 Qd8 18. Qg3 b5 19. c3 Kh8 20. Bb3 dxc3 21. bxc3 fxe4 22. dxe4 Na5 23. e5 Nxb3 24. axb3 Qc7 25. Rbc1 Bc6 26. Be3 Bxf3 27. Rxf3 dxe5 28. fxe5 Rxf3 29. gxf3 a5 30. f4 a4 31. bxa4 bxa4 32. c4 a3 33. Qg2 Bf8 34. c5 Rb8 35. c6 Rb2 36. Qe4 a2 37. Kg1 Be7 38. Bd4 Rb1 39. Rxb1 axb1=Q+ 40. Qxb1 Qxc6 41. Qb3 Kg7 42. Ba7 Kf8 43. Be3 h5 44. Qa2 Qe4 45. Bf2 Kf7 46. Qd2 Qf3 47. Qe3 Qg4+ 48. Qg3 Qxg3+ 49. hxg3 g5 50. fxg5 Bxg5 51. Kg2 Kg6 52. Kf3 Kf5 53. Bb6 Bh6 54. Bc7 Bg7 55. Bd6 Bxe5 56. Bb4 Bc7 57. Bc5 e5 58. Ba7 e4+ 59. Kg2 Kg4 60. Bc5 Bxg3 61. Bd4 h4 62. Bc5 h3+ 63. Kh1 Kf3 64. Bb6 Bf2 65. Ba5 e3 66. Kh2 Kg4 67. Bb6 Bg3+ 68. Kh1 e2 69. Ba5 Kf3 70. Bb4 Kf2 71. Ba5 Kf1 72. Bc3 Be1 73. Bf6 Bb4 74. Bh4 Bc5 0-1

[Event "North Bay int."]
[Site "North Bay CAN"]
[Date "1999.08.06"]
[Round "5"]
[White "Paragua, Mark"]
[Black "Hergott, Deen"]
[Result "1/2-1/2"]
[WhiteElo "2268"]
[BlackElo "2396"]
[PlyCount "107"]
[GameId "2160767911742628"]
[EventDate "1999.08.04"]
[EventType "swiss"]
[EventRounds "9"]
[EventCountry "CAN"]
[SourceTitle "EXT 2000"]
[Source "ChessBase"]
[SourceDate "1999.11.18"]
[SourceVersion "1"]
[SourceVersionDate "1999.11.18"]
[SourceQuality "1"]

1. e4 e6 2. d3 d5 3. Nd2 Nf6 4. Ngf3 Nc6 5. c3 a5 6. Qc2 e5 7. Be2 Be7 8. O-O O-O 9. Re1 Re8 10. b3 d4 11. cxd4 exd4 12. a3 Nd7 13. Nc4 Nf8 14. Bd2 Ng6 15. Rab1 Bd7 16. a4 Bb4 17. Rec1 f5 18. Bg5 Be7 19. Bxe7 Qxe7 20. exf5 Bxf5 21. Re1 Nf4 22. Bf1 Qf6 23. Qd2 Bg4 24. Rxe8+ Rxe8 25. Re1 Rxe1 26. Nxe1 b6 27. Nc2 h6 28. N2a3 Ne5 29. Nxe5 Qxe5 30. Nc4 Qf6 31. Na3 Be6 32. Qd1 c5 33. Nc4 Bd5 34. g3 Ne6 35. Bg2 Bxg2 36. Kxg2 Ng5 37. Qe2 Qc6+ 38. f3 Kh7 39. h4 Nf7 40. Qe4+ Qxe4 41. fxe4 Kg6 42. Nxb6 Ne5 43. Nc4 Nxd3 44. Nxa5 Nc1 45. Kf3 Kf6 46. g4 g5 47. hxg5+ hxg5 48. Nc4 Nxb3 49. a5 d3 50. Ke3 d2 51. Ke2 d1=Q+ 52. Kxd1 Nxa5 53. Nxa5 Ke5 54. Ke2 1/2-1/2

[Event "North Bay int."]
[Site "North Bay CAN"]
[Date "1999.08.06"]
[Round "5"]
[White "Paschall, William M"]
[Black "St Amand, Paul Jr"]
[Result "1/2-1/2"]
[WhiteElo "2332"]
[BlackElo "2160"]
[PlyCount "113"]
[GameId "2160767911742629"]
[EventDate "1999.08.04"]
[EventType "swiss"]
[EventRounds "9"]
[EventCountry "CAN"]
[SourceTitle "EXT 2000"]
[Source "ChessBase"]
[SourceDate "1999.11.18"]
[SourceVersion "1"]
[SourceVersionDate "1999.11.18"]
[SourceQuality "1"]

1. d4 Nf6 2. c4 e5 3. dxe5 Ng4 4. Nf3 Bc5 5. e3 Nc6 6. Bd2 Ngxe5 7. Bc3 Qe7 8. Nbd2 Bb4 9. Rc1 Bxc3 10. Rxc3 d6 11. Be2 O-O 12. O-O Be6 13. Nb3 Rad8 14. Nbd4 Bc8 15. Nxe5 Nxe5 16. Qc2 c5 17. Nf3 b6 18. Nxe5 dxe5 19. Bf3 Bb7 20. Bxb7 Qxb7 21. Rd3 e4 22. Rd2 Rxd2 23. Qxd2 Qe7 24. Rd1 Qe5 25. Qc2 g6 26. Rd5 Qe6 27. h3 Re8 28. Qa4 Re7 29. Qd1 Kg7 30. a4 Qf6 31. Qd2 Re5 32. Rd6 Re6 33. Rd8 h5 34. Rd5 Re5 35. Rd7 Re7 36. Rxe7 Qxe7 37. a5 bxa5 38. Qxa5 Kh7 39. Qd2 Qe6 40. b3 Kg8 41. Qd8+ Kg7 42. Qc7 Qb6 43. Qe5+ Kf8 44. g4 hxg4 45. hxg4 a5 46. Kg2 Qxb3 47. Qxc5+ Kg8 48. Qc8+ Kg7 49. Qc7 a4 50. Qe5+ Kh7 51. c5 a3 52. c6 Qc4 53. c7 a2 54. g5 Qc1 55. Qa5 a1=Q 56. Qxa1 Qxa1 57. c8=Q 1/2-1/2

[Event "North Bay int."]
[Site "North Bay CAN"]
[Date "1999.08.06"]
[Round "5"]
[White "Peredun, Andrew"]
[Black "Duong, Thanh Nha"]
[Result "1-0"]
[WhiteElo "2222"]
[BlackElo "2332"]
[PlyCount "81"]
[GameId "2160767911742630"]
[EventDate "1999.08.04"]
[EventType "swiss"]
[EventRounds "9"]
[EventCountry "CAN"]

1. e4 e5 2. Bc4 Nc6 3. Nc3 Nf6 4. d3 Bc5 5. f4 h5 6. Nf3 Ng4 7. Ng5 Nf2 8. Qf3 Nxh1 9. Be3 Bxe3 10. Qxe3 exf4 11. Bxf7+ Kf8 12. Qxf4 Qf6 13. Nd5 Qxf4 14. Nxf4 Ne5 15. Bb3 Rh6 16. Ke2 c6 17. Rxh1 Ke7 18. Rf1 b5 19. h4 d6 20. d4 Bg4+ 21. Kd2 Nc4+ 22. Bxc4 bxc4 23. e5 d5 24. Kc3 Rf8 25. g3 Kd7 26. Re1 Kc7 27. b4 cxb3 28. axb3 Bf5 29. Ra1 Kb6 30. b4 a6 31. Kb3 Rhh8 32. c4 dxc4+ 33. Kxc4 Ra8 34. Ra5 g6 35. Rc5 Rhc8 36. Nf7 Be4 37. Nd6 Bd5+ 38. Nxd5+ cxd5+ 39. Kxd5 Rd8 40. Rc6+ Ka7 41. Rc7+ 1-0

[Event "North Bay int."]
[Site "North Bay CAN"]
[Date "1999.08.06"]
[Round "5"]
[White "Rajlich, Vasik"]
[Black "Palsson, Halldor"]
[Result "1-0"]
[WhiteElo "2297"]
[BlackElo "2182"]
[PlyCount "63"]
[GameId "2160767911742631"]
[EventDate "1999.08.04"]
[EventType "swiss"]
[EventRounds "9"]
[EventCountry "CAN"]
[SourceTitle "EXT 2000"]
[Source "ChessBase"]
[SourceDate "1999.11.18"]
[SourceVersion "1"]
[SourceVersionDate "1999.11.18"]
[SourceQuality "1"]

1. e4 e6 2. d4 d5 3. e5 c5 4. c3 Nc6 5. Nf3 Bd7 6. Be2 f6 7. O-O fxe5 8. Nxe5 Nxe5 9. dxe5 g6 10. c4 Ne7 11. Nc3 Bc6 12. cxd5 Nxd5 13. Ne4 Be7 14. Bg4 Bd7 15. Bh6 Qc7 16. Re1 O-O-O 17. Qf3 Kb8 18. Rad1 Bc8 19. Qf7 Qb6 20. Nd6 Bxd6 21. exd6 Rd7 22. Qxe6 Qxd6 23. Qxd6+ Rxd6 24. Bf3 Rhd8 25. Bg5 R8d7 26. Bg4 Rc7 27. Bxc8 Kxc8 28. Re8+ Kd7 29. Rd8+ Kc6 30. Rxd6+ Kxd6 31. Bf4+ Kc6 32. Rxd5 1-0

[Event "North Bay int."]
[Site "North Bay CAN"]
[Date "1999.08.06"]
[Round "5"]
[White "Safranska, Anda"]
[Black "Mulyar, Michael"]
[Result "1-0"]
[WhiteElo "2267"]
[BlackElo "2410"]
[PlyCount "123"]
[GameId "2160767911742632"]
[EventDate "1999.08.04"]
[EventType "swiss"]
[EventRounds "9"]
[EventCountry "CAN"]
[SourceTitle "EXT 2000"]
[Source "ChessBase"]
[SourceDate "1999.11.18"]
[SourceVersion "1"]
[SourceVersionDate "1999.11.18"]
[SourceQuality "1"]

1. e4 g6 2. d4 Bg7 3. Nc3 c6 4. f4 d5 5. e5 h5 6. Nf3 Bg4 7. Be2 Bxf3 8. Bxf3 e6 9. g3 Nh6 10. Be3 Nf5 11. Bf2 Nd7 12. O-O Qe7 13. Ne2 O-O-O 14. a4 g5 15. fxg5 Qxg5 16. Qc1 Nh4 17. Ra3 Nxf3+ 18. Rxf3 Qg4 19. Qf4 f5 20. exf6 Nxf6 21. Qxg4 hxg4 22. Rf4 Rh5 23. Kg2 Kd7 24. Nc1 Ke7 25. Bg1 Rf8 26. Nd3 Bh6 27. R4f2 Bg5 28. Re2 Rg8 29. Nc5 b6 30. Nxe6 Ne4 31. Nxg5 Rgxg5 32. c4 Ke6 33. Rf8 Rg7 34. cxd5+ cxd5 35. Re8+ Kf7 36. Ra8 Kg6 37. Be3 Rgh7 38. Bg1 Rg7 39. Rc2 Ng5 40. Rd8 Nf3 41. Re2 Rc7 42. h4 Nxg1 43. Kxg1 Rc1+ 44. Kg2 Rf5 45. Rf2 Rxf2+ 46. Kxf2 Kf5 47. Rf8+ Kg6 48. Rg8+ Kf6 49. Rxg4 Rc2+ 50. Ke3 Rxb2 51. Rg5 Ra2 52. Rxd5 Rxa4 53. g4 Ra1 54. Rf5+ Ke7 55. h5 Rg1 56. g5 Ke6 57. Re5+ Kf7 58. d5 a5 59. d6 Rd1 60. Re7+ Kf8 61. h6 Rh1 62. h7 1-0

[Event "North Bay int."]
[Site "North Bay CAN"]
[Date "1999.08.06"]
[Round "5"]
[White "Saleh, Maher"]
[Black "Kuczaj, Chris"]
[Result "1-0"]
[WhiteElo "2220"]
[BlackElo "2171"]
[PlyCount "49"]
[GameId "2160767911742633"]
[EventDate "1999.08.04"]
[EventType "swiss"]
[EventRounds "9"]
[EventCountry "CAN"]

1. Nf3 c5 2. g3 Nc6 3. d4 cxd4 4. Nxd4 g6 5. Bg2 Bg7 6. Nb3 Nf6 7. Nc3 O-O 8. O-O d6 9. Re1 Bg4 10. h3 Be6 11. e4 a5 12. a4 Bxb3 13. cxb3 e6 14. Bf4 e5 15. Be3 Nb4 16. Re2 Qe7 17. Rd2 Rfd8 18. Rc1 Bf8 19. Nb5 Nc6 20. Rc4 Ne8 21. h4 Ng7 22. Bh3 Ne6 23. Nc3 Nb4 24. Rxb4 axb4 25. Nd5 1-0

[Event "North Bay int."]
[Site "North Bay CAN"]
[Date "1999.08.06"]
[Round "5"]
[White "Seawald, Dennis"]
[Black "Kalinin, Alexander"]
[Result "0-1"]
[WhiteElo "2174"]
[BlackElo "2425"]
[PlyCount "48"]
[GameId "2160767911742634"]
[EventDate "1999.08.04"]
[EventType "swiss"]
[EventRounds "9"]
[EventCountry "CAN"]

1. e4 c5 2. Nf3 d6 3. d4 cxd4 4. Nxd4 Nf6 5. Nc3 Nc6 6. Bg5 e6 7. Qd2 h6 8. Bxf6 gxf6 9. O-O-O a6 10. f4 Qb6 11. Nf3 Bd7 12. Na4 Qa7 13. Kb1 O-O-O 14. c4 Kb8 15. Nc3 Qb6 16. Be2 Be7 17. Rc1 Rc8 18. Rhd1 Rc7 19. Ne1 Na5 20. b3 Nxc4 21. Bxc4 Rxc4 22. Qb2 Rc7 23. Nd3 Qe3 24. f5 Rhc8 0-1